000 00783nam a2200289Ia 4500
005 20260324114412.0
008 008 260324s9999 xx 000 0 eng d
020 _a9781003161196
037 _aEBOOK
040 _aCRL
040 _beng
040 _cCRL
041 _2eng
041 _aeng
084 _qCRL
100 _aRajakumari Rajendran; Hanna J Maria; Sabu Thomas; Nandakumar Kalarikkal
_91150630
245 0 _aHandbook of Research on Nano-Drug Delivery and Tissue Engineering
245 0 _bGuide to Strengthening Healthcare Systems
260 _bTaylor and Francis
260 _c2022
365 _a
365 _b400
856 _uhttp://www.taylorfrancis.com/books/9781003161196
942 _cEBOOK
999 _c1740795
_d1740795